| 000 | 00819nam a2200193 a 4500 | ||
|---|---|---|---|
| 008 | 160915s2015 ||||||||||||||||| || u | ||
| 050 | _aCBU-PG THESIS/WAT | ||
| 100 | _aWatala, Ndangwa | ||
| 245 | 1 | 3 |
_aAn investigation into the causes of low levels of statutory land acquisition among women: a case of Mumbwa district _cby Ndangwa Watala |
| 260 |
_aKitwe _bCopperbelt University _c2015 |
||
| 300 | _axii, 88p.: ill. | ||
| 500 | _aBibliography | ||
| 650 | _aLAND OWNERSHIP RIGHTS--WOMEN | ||
| 650 | _aEMINENT DOMAIN--ZAMBIA | ||
| 650 | _aLAND OWNERSHIP--LAW AND LEGISLATION | ||
| 650 | _aLAND TENURE--ZAMBIA | ||
| 650 | _aLAND MANAGEMENT--LAW AND LEGISLATION | ||
| 995 |
_aSPECIAL COLLECTIONS _e746644 _FCBU-DAG HAMMARSKJOLD INSTITUTE LIBRARY _jCBU-PG THESIS/WAT _M1 _UAVAILABLE _WSep 15, 2016 _yB2336 _ZUniversity Collection |
||
| 999 |
_c329 _d329 |
||